00801cam a22002177a 4500003000500000005001700005008004100022010001000063011001000073035001000083040000900093100003700102245016500139260004100304300004000345502008900385650003700474650002300511650002600534650002300560CHAP20220329141831.0971127d1997 mx a r 00110 spa d a74545 a75517 a85081 cCHAP00aVelasco Ancheyta, Marco Antonio.10aDiferenciación tecnológica de los productores de toronja en Martínez de la Torre Veracruz y el contexto internacionalc/por Marco Antonio Velasco Ancheyta aChapingo, Méx. :bEl autor,c1997. a126 h. :bilus. ; gráfs. ; anexos aTesis (Lic. en Economía Agrícola) -- UACH. Departamento de Economía Agrícola14aToronjaxCostos de producción.14aToronjaxMercadeo.14aToronjaxRendimiento.14aToronjaxVeracruz.